000 00445nam a2200181Ia 4500
999 _c7990
_d7990
003 0100
005 20170530084932.0
008 130303s9999 xx 000 0 und d
020 _a1560982365
040 _cARRUPELIB
050 _aDT443.3.K33B45 1993
100 _aBeidelman, T.O.
_931583
245 _aMoral imagination in Kaguru modes of thought
260 _bSmithsonian Institution Press
_aLondon
_c1993
300 _a231 p.
650 _aKaguru (African)
_xPhilosophy
_931591
650 _aKaguru
_xImagination
_931592
942 _2lcc
_cMONOGRAPH